| 000 | 00644nam a2200193Ia 4500 | ||
|---|---|---|---|
| 008 | 090123s9999 xx 000 0 und d | ||
| 082 | _b36900 | ||
| 100 | _aखांडेकर वि.स. | ||
| 245 | _aवन्हि तो चेतवावा | ||
| 250 | _a1 | ||
| 260 |
_bमेहता प्रकाशन _c2004 |
||
| 300 | _a87 | ||
| 600 | _aखांडेकर वि.स. | ||
| 630 | _aवन्हि तो चेतवावा | ||
| 700 | _aलवाटे सुनिलकुमार | ||
| 700 | _aखांडेकर वि.स. | ||
| 730 | _aवन्हि तो चेतवावा | ||
| 942 | _cBOOK | ||
| 999 |
_c74968 _d74968 |
||